Rupaul's Drag Race S15 • SUDDEN DEATH - Statistics

General Stats
  • This quiz has been taken 237 times
  • The average score is 13 of 16
Answers on the Grid
Answers color-coded by a green-red scale on the quiz's grid according to % correct below.
Amethyst
Anetra
Aura Mayari
Irene Dubois / The Alien
Jax
Loosey LaDuca
Luxx Noir London
Malaysia Babydoll Foxx
Marcia Marcia Marcia
Mistress Isabelle Brooks
Princess Poppy
Robin Fierce
Salina EsTitties
Sasha Colby
Spice
Sugar
Geneva Karr
Mirage
Jewels Sparkles
Orion Story
June Jambalaya
Lala Ri
Widow Von’Du
Mercedes Iman Diamond
Plastique Tiara
Mayhem Miller
Naysha Lopez
Blair St. Clair
Lucky Starzzz
Onya Nurve
Rebecca Glasscock
Sahara Davenport
Jiggly Caliente
Coco Montrese
Aimee Yonce Shennel
Love Masisi
Vybe
Obama
Drag Couenne
Melusine Sparkle
 
Answer Stats
Answer % Correct
Anetra
86%
Spice
86%
Sugar
85%
Luxx Noir London
84%
Loosey LaDuca
83%
Marcia Marcia Marcia
83%
Jax
82%
Mistress Isabelle Brooks
82%
Salina EsTitties
81%
Sasha Colby
81%
Aura Mayari
79%
Princess Poppy
79%
Amethyst
78%
Irene Dubois / The Alien
78%
Malaysia Babydoll Foxx
78%
Robin Fierce
76%
No matching quizzes found
Score Distribution
Percent of People with Each Score
Percentile by Number Answered
Your Score History
You have not taken this quiz